000 01046cam a22003257a 4500
003 CHAP
005 20220329133330.0
008 971013s1988 r 00010 d
010 _a5043
011 _a6015
035 _a5233
040 _cCHAP
082 _a371.3
_bB8
100 0 0 _aBustillos de Núñez, Graciela.
_916396
245 0 _aTécnicas participativas para la educación popular
260 _aGuadalajara, Jal. :
_bInstituto Méxicano para el Desarrollo Comunitario,
_c1988
300 _av
500 _aLa biblioteca tiene: v.2
590 _aBATCH-UPD
_b10
_c20130110
_lUCH01
_h1554
590 _aBATCH-UPD
_b10
_c20130410
_lUCH01
_h0952
590 _aBATCH-UPD
_b10
_c20130914
_lUCH01
_h1204
590 _aCONVERSION
_b10
_c20130109
_lUCH01
_h1304
650 1 4 _aDinámica de grupos.
_932629
650 1 4 _aEducación popular.
_935584
650 1 4 _aEducación
_xMetodología.
_935463
700 0 _aVargas, Laura.
_9118131
901 _aBK
942 _cLIBRO
949 _a371.3 B8
_bBC
_cESP
_d-14802
_eESP
_gI. c/e
_h78552
_i5233
_si
_t22.50
999 _c5043
_d5043